| 000 | 00775nam a22001817a 4500 | ||
|---|---|---|---|
| 003 | SISC | ||
| 005 | 20160426154631.0 | ||
| 008 | 150511b xxu||||| |||| 00| 0 eng d | ||
| 020 | _a9781623620332 | ||
| 050 | _aPN 524.WLIT2 C734.TM 2014 | ||
| 110 | _aCommon Core Coach | ||
| 245 | _aCommon core coach : for world literature and informational texts II : teacher's manual | ||
| 250 | _a1st edition | ||
| 260 |
_aNew York _bTriumph Learning _c2014 |
||
| 300 |
_aiii,xv,193 pages., _bcolor illustrations., _c; 27 cm. _eTeacher's Manual |
||
| 650 |
_2World Literature _aReading -- Literacy -- Comprehension -- Fiction -- Drama -- Poetry -- Articles -- Persuasive Text -- Historical Events --. |
||
| 942 |
_2lcc _cBK _hPN 524.WLIT2 C734.TM 2014 |
||
| 999 |
_c283948 _d283948 |
||